| 000 | 00906cab a2200181 4500 | ||
|---|---|---|---|
| 001 | L136240 | ||
| 008 | 070119n2006 000 0 eng u | ||
| 035 | _a(Sirsi) u136240 | ||
| 041 | 0 | _aeng | |
| 100 | 1 | _aKerr, Sandy | |
| 245 | 0 | 0 |
_aWinds of change _bthe planning response to renewable energy in Scotland |
| 260 | _c2006 | ||
| 490 | 0 |
_aTown Planning Review _v77(4) 2006, 375-401 (27) |
|
| 520 | _aPresents the results of a survey of local authority planners involved in determining renewable energy applications and local planning policy in Scotland. The questionnaire was used to identify the key challenges that renewable energy presents for the planning profession. Reveals an emerging conflict between national policy on the one hand and regional planning concerns on the other. | ||
| 651 | 4 |
_aScotland _y1999- |
|
| 690 | _aENVIRONMENTAL AND LAND CONSULTANCY-ENERGY-RENEWABLE ENERGY | ||
| 942 | _n0 | ||
| 999 |
_c78205 _d78205 |
||